000 00543nam a2200193Ia 4500
003 GCL
008 140319s9999 xx 000 0 ara d
040 _aGCL /
_cGCL
082 0 4 _a614.59398
_bرر
100 1 _aرندة ابى هنا
245 1 0 _aالرشاقة والتغذية /
_cرندة ابى هنا
260 _a[S.N] :
_bالمؤسسة اللبنانية العربية للتوزيع
300 _a134 ص
490 _a
650 0 4 _aالتغذية
650 0 4 _aالرجيم
650 0 4 _aالبدانة
942 _2ddc
_cBK
999 _c35663
_d35663